000 00399nam a2200169Ia 4500
001 9123
003 IN-NITTTR
005 20251114233044.0
008 251113s9999||||xx |||||||||||||| ||eng||
040 _beng
040 _cIN-NITTTR
041 _aeng
082 _a615.535 S44F
100 _aShelton, Herbert M.
245 0 _aFasting can save your life. /
_cShelton, Herbert M.
942 _2ddc
_cBK
999 _c11760
_d11760